000 00397nam a2200157Ia 4500
008 151213s9999 xx 000 0 und d
100 _aRoy J. Lewicki
245 _aNegotiation ; Reading Exercises and Case
_cRoy J. Lewicki
250 _a2nd
260 _aBoston
_bIrwin
_c1993
300 _a3116 p.
650 _aManagement
650 _aManagement
700 _aRoy J. Lewicki
999 _c2141
_d2141